| 000 | 00610cam a22002411 4500 | ||
|---|---|---|---|
| 001 | sa 67005748 | ||
| 003 | DLC | ||
| 005 | 20260227112400.0 | ||
| 008 | 891018m19669999ii b 000 0 maro | ||
| 010 | _asa 67005748 | ||
| 035 | _a(OCoLC)20509095 | ||
| 040 |
_aDLC _cWaU _dDLC |
||
| 042 | _apremarc | ||
| 050 | 0 | 0 |
_aPK2353 _b.M28 |
| 110 | 2 | _aMarāṭhī sãśodhana-patrikā. | |
| 245 | 0 | 0 | _aMarāṭhī sãśodhana. |
| 260 | _c1966. | ||
| 300 |
_av. in _c22 cm. |
||
| 500 | _aIn Marathi. | ||
| 504 | _aBibliographical footnotes. | ||
| 650 | 0 | _aMarathi philology. | |
| 700 | 1 | _aPriolkar, Anant Kakba. | |
| 999 |
_c75418 _d75418 |
||